00707nam a2200181 a 45000010005000000030005000050050017000100080041000270400020000682450093000882600056001816500047002377000058002847100061003429420013004039990015004169520094004315609CDMR20131125175509.0130130s1958||||||||||||||||||||||||||||d aCDMRbcatcCDMR 0aTextos legalesb: Prensactextos recopilados por Eduardo Martínez de Salinas y Mendoza aMadridc1958bMinisterio de Información y Turismo0494383aPremsaxDret i legislaciózEspanya1 94385aMartínez de Salinas y Mendoza, Eduardo4comp.1 94357aEspanyab -- Ministerio de Información y Turismo cMON2udc c5609d5609 00104070aCDMRbCDMRd2013-01-16l0oCg 1/22pCDMR13110090r2013-01-16w2013-01-16yMON